International Yearbook of Industrial Statistics 2020 (Record no. 9067)

MARC details
000 -LEADER
fixed length control field 00508nam a2200193uu 4500
001 - CONTROL NUMBER
control field WIIW0000188
003 - CONTROL NUMBER IDENTIFIER
control field OSt
005 - DATE AND TIME OF LATEST TRANSACTION
control field 20241011144108.0
008 - FIXED-LENGTH DATA ELEMENTS--GENERAL INFORMATION
fixed length control field 241011t2020 xxk||||| ||||||0| | eng d
020 ## - INTERNATIONAL STANDARD BOOK NUMBER
International Standard Book Number 978-1--78990-570-0
040 ## - CATALOGING SOURCE
Transcribing agency OSt
041 ## - LANGUAGE CODE
Language code of text/sound track or separate title eng
100 ## - MAIN ENTRY--PERSONAL NAME
Dates associated with a name UNIDO
245 00 - TITLE STATEMENT
Title International Yearbook of Industrial Statistics 2020
260 ## - PUBLICATION, DISTRIBUTION, ETC.
Place of publication, distribution, etc. Cheltenham, UK and Northampton, MA, US
Name of publisher, distributor, etc. Edward Elgar Publishing
Date of publication, distribution, etc. 2020
300 ## - PHYSICAL DESCRIPTION
Extent 868 S. ;
Dimensions 31,5 cm.
650 ## - SUBJECT ADDED ENTRY--TOPICAL TERM
Topical term or geographic name entry element Industry
942 ## - ADDED ENTRY ELEMENTS (KOHA)
Koha item type Book
Source of classification or shelving scheme Other/Generic Classification Scheme
Holdings
Withdrawn status Lost status Source of classification or shelving scheme Damaged status Not for loan Home library Current library Date acquired Total Checkouts Full call number Date last seen Price effective from Koha item type
    Other/Generic Classification Scheme     WIIW WIIW 10/11/2024   7978 10/11/2024 10/11/2024 Book
The Vienna Instiute for International Economic Studies (wiiw)